Leyenda del astrólogo árabe /

Guardado en:
Autor Principal: Irving, Washington.
Otros Autores: Viola, Liliana; pról., Rep; il.
Formato: Libro
Idioma:Undetermined
Publicado: Avellaneda : Página/12, 2002.
Series:Los grandes para los chicos ; 28
Materias:
Etiquetas: Agregar Etiqueta
Sin Etiquetas, Sea el primero en etiquetar este registro!
LEADER 00733nam a22002175a 4500
001 CEM.cems021231
008 240618s2002####xx############000#0#und#d
005 20240618171939.0
245 1 0 |a Leyenda del astrólogo árabe /  |c Washington Irving ; prólogo por Liliana Viola ; ilustrado por Rep. 
260 |a Avellaneda :  |b Página/12,  |c 2002. 
300 |a 32 p. 
490 1 |a Los grandes para los chicos ;  |v 28 
500 |a Incluye biografía del autor. 
020 |a 9875033324 
100 1 |a Irving, Washington. 
700 1 |a Viola, Liliana; pról. 
700 1 |a Rep; il. 
653 |a Literatura estadounidense 
653 |a Narrativa estadounidense 
653 |a Leyenda 
859 |a CEMS  |b BIB. CEMS - Inicial y Primaria  |h 813  |i Ir84  |k IP  |p 6056  |t Ej.1